<?xml version="1.0" encoding="UTF-8"?><?xml-stylesheet type="text/xsl" href="static/style.xsl"?><OAI-PMH xmlns="http://www.openarchives.org/OAI/2.0/" xmlns:xsi="http://www.w3.org/2001/XMLSchema-instance" xsi:schemaLocation="http://www.openarchives.org/OAI/2.0/ http://www.openarchives.org/OAI/2.0/OAI-PMH.xsd"><responseDate>2026-04-17T07:51:42Z</responseDate><request verb="GetRecord" identifier="oai:www.recercat.cat:2117/332577" metadataPrefix="marc">https://recercat.cat/oai/request</request><GetRecord><record><header><identifier>oai:recercat.cat:2117/332577</identifier><datestamp>2025-07-23T06:48:32Z</datestamp><setSpec>com_2072_1033</setSpec><setSpec>col_2072_452951</setSpec></header><metadata><record xmlns="http://www.loc.gov/MARC21/slim" xmlns:dcterms="http://purl.org/dc/terms/" xmlns:xsi="http://www.w3.org/2001/XMLSchema-instance" xmlns:doc="http://www.lyncode.com/xoai" xsi:schemaLocation="http://www.loc.gov/MARC21/slim http://www.loc.gov/standards/marcxml/schema/MARC21slim.xsd">
   <leader>00925njm 22002777a 4500</leader>
   <datafield ind2=" " ind1=" " tag="042">
      <subfield code="a">dc</subfield>
   </datafield>
   <datafield ind2=" " ind1=" " tag="720">
      <subfield code="a">Simón Francisco, Domínguez Jasá</subfield>
      <subfield code="e">author</subfield>
   </datafield>
   <datafield ind2=" " ind1=" " tag="260">
      <subfield code="c">2008-06</subfield>
   </datafield>
   <datafield ind2=" " ind1=" " tag="520">
      <subfield code="a">El título de este trabajo, “Ventajas de los sistemas de seguridad activa y pasiva, en los incendios industriales”, marca claramente la&#xd;
dirección del mismo: el estudio de los sistemas de seguridad y su aplicación en industrias. Se ha de remarcar que la seguridad contra incendios, y en otros campos, está muy entrelazada al desarrollo económico, social y cultural de la sociedad. Esta culturización social es la que lleva a otorgar la importancia que tiene un tipo de incidente, dando a lugar a normas y reglamentos. Además, los costes de la “no seguridad” son tan amplios en pérdidas humanas, salud, medioambiente, bienes e imagen, que demuestra que escatimar recursos en este concepto es propio de países “no desarrollados”.&#xd;
Para que la seguridad sea efectiva, y lo digo con todo convencimiento, desde el inicio del proyecto se tienen que tener en cuenta parámetros de protección y prevención que además, según las áreas de actividad, presentan unas normativas que obligan.</subfield>
   </datafield>
   <datafield tag="653" ind2=" " ind1=" ">
      <subfield code="a">Àrees temàtiques de la UPC::Economia i organització d'empreses::Seguretat industrial::Prevenció de riscos laborals</subfield>
   </datafield>
   <datafield tag="653" ind2=" " ind1=" ">
      <subfield code="a">Industrial safety</subfield>
   </datafield>
   <datafield tag="653" ind2=" " ind1=" ">
      <subfield code="a">Accidents -- Prevention</subfield>
   </datafield>
   <datafield tag="653" ind2=" " ind1=" ">
      <subfield code="a">Industrial buildings</subfield>
   </datafield>
   <datafield tag="653" ind2=" " ind1=" ">
      <subfield code="a">Seguretat en el treball</subfield>
   </datafield>
   <datafield tag="653" ind2=" " ind1=" ">
      <subfield code="a">Accidents -- Prevenció</subfield>
   </datafield>
   <datafield tag="653" ind2=" " ind1=" ">
      <subfield code="a">Edificis industrials</subfield>
   </datafield>
   <datafield ind2="0" ind1="0" tag="245">
      <subfield code="a">Ventajas de los sistemas de seguridad activa y pasiva en los incendios industriales</subfield>
   </datafield>
</record></metadata></record></GetRecord></OAI-PMH>